Países de Europa Latina por descripción - Estadísticas

Estadísticas generales
  • Esta prueba ha sido intentada 213 veces
  • La puntuación promedio es 12 de 13
Estadísticas de respuestas
Descripción País % Correcto
País al sur de Europa conocido por sus pastas y sus pizzas Italia
99%
País en el que se encuentra la Torre Eiffel Francia
98%
País más pequeño del mundo Ciudad del Vaticano
97%
País más grande de la Península Ibérica España
97%
País más grande dónde se hable rumano Rumania
96%
País en el que nació Cristiano Ronaldo Portugal
95%
Único microestado no insular europeo con salida al mar Mónaco
91%
País que tiene la cede central de la Unión Europea Bélgica
90%
País conocido por su neutralidad que tiene como lengua oficial al alemán, al italiano, al francés y al retorrománico Suiza
90%
País dónde el catalán es idioma oficial Andorra
89%
País en el que se habla Alemán, Luxemburgués y Francés Luxemburgo
89%
Serenísima República de __________ San Marino
70%
País en el que está el país con reconocimiento limitado Transnistria Moldavia
64%
No se encontraron pruebas coincidentes
Distribución de puntuación
Porcentaje de gente con cada puntuación
Porcentaje por número respondido
Historial de tus puntuaciones
No has intentado esta prueba.